Politics & Morals (Record no. 1211308)

MARC details
000 -LEADER
fixed length control field 00480nam a2200193Ia 4500
008 - FIXED-LENGTH DATA ELEMENTS--GENERAL INFORMATION
fixed length control field 151121s9999||||xx |||||||||||||| ||und||
082 ## - DEWEY DECIMAL CLASSIFICATION NUMBER
Classification number 320/CAS
082 ## - DEWEY DECIMAL CLASSIFICATION NUMBER
Item number HNW-2429
100 ## - MAIN ENTRY--PERSONAL NAME
Personal name Castiglione S।
245 ## - TITLE STATEMENT
Title Politics & Morals
260 ## - PUBLICATION, DISTRIBUTION, ETC. (IMPRINT)
Name of publisher, distributor, etc "George Allen & Unwin Ltd, London।"
260 ## - PUBLICATION, DISTRIBUTION, ETC. (IMPRINT)
Date of publication, distribution, etc --
300 ## - PHYSICAL DESCRIPTION
Extent 138
600 ## - SUBJECT ADDED ENTRY--PERSONAL NAME
Personal name Castiglione S।
630 ## - SUBJECT ADDED ENTRY--UNIFORM TITLE
Uniform title Politics & Morals
700 ## - ADDED ENTRY--PERSONAL NAME
Personal name Castiglione S।
730 ## - ADDED ENTRY--UNIFORM TITLE
Uniform title Politics & Morals
942 ## - ADDED ENTRY ELEMENTS (KOHA)
Koha item type Book
Holdings
Withdrawn status Lost status Damaged status Not for loan Home library Current library Date acquired Total Checkouts Full call number Barcode Date last seen Price effective from Koha item type
        Hirachand Nemchand Wachanalaya, Solapur Hirachand Nemchand Wachanalaya, Solapur 11/21/2015   HNW-2429 HNW-2429 11/21/2015 11/21/2015 Book